000 00354nam a22001337a 4500
008 230622b xxu||||| |||| 00| 0 eng d
082 _a329.9
_bJEN
100 _cSir Ivor Jennings
245 _aParty politics
_bVolume 2
_cAppeal to the people
260 _aN.Y
_bCambridge University Press
_c1961
300 _a403p
440 _vVolume 2
942 _2ddc
_cBK
999 _c2353
_d2353